Quy hoạch xây dựng các đô thị Việt Nam T.1 /
Định hướng quy hoạch đô thị Việt Nam đến năm 2002; Quy hoạch chung xây dựng một số đô thị Việt Nam đến năm 2020; Giới thiệu giải thưởng kiến trúc năm 1998.
Na minha lista:
| Autor Corporativo: | |
|---|---|
| Formato: | Livro |
| Idioma: | Vietnamese |
| Publicado em: |
Hà Nội :
Xây dựng,
1999.
|
| Assuntos: | |
| Tags: |
Adicionar Tag
Sem tags, seja o primeiro a adicionar uma tag!
|
| Thư viện lưu trữ: | Mạng thư viện Đại học Đà Nẵng |
|---|
| LEADER | 01102cam a2200349 i 4500 | ||
|---|---|---|---|
| 001 | 000042691 | ||
| 003 | 566 | ||
| 005 | 20041027141325.0 | ||
| 008 | 010305b1999 vm 000 vie | ||
| 022 | |a T | ||
| 040 | |a IRC |c IRC |d IRC | ||
| 041 | 0 | |a vie | |
| 082 | 1 | 4 | |a 711 |b BÔ |
| 110 | 2 | |a Bộ Xây dựng. | |
| 245 | 1 | 0 | |a Quy hoạch xây dựng các đô thị Việt Nam |n T.1 / |c Bộ xây dựng. |
| 260 | |a Hà Nội : |b Xây dựng, |c 1999. | ||
| 300 | |a 323 tr. ; |c 29,7 cm. | ||
| 520 | 3 | |a Định hướng quy hoạch đô thị Việt Nam đến năm 2002; Quy hoạch chung xây dựng một số đô thị Việt Nam đến năm 2020; Giới thiệu giải thưởng kiến trúc năm 1998. | |
| 630 | 0 | 4 | |a Xây dựng. |
| 630 | 0 | 4 | |a Quy hoạch đô thị. |
| 650 | 0 | 4 | |a Đô thị Việt Nam |x Quy hoạch. |
| 650 | 0 | 4 | |a Quy hoạch đô thị. |
| OWN | |a DUT | ||
| 999 | |a From the UDN01 | ||
| TYP | |a Monograph | ||
| TYP | |a Printed language | ||
| 980 | |a Mạng thư viện Đại học Đà Nẵng | ||